000 00647nam a2200241Ia 4500
003 OSt
005 20221007080453.0
006 a|||||r|||| 00| 0
007 ta
008 221006b |||||||| |||| 00| 0 eng d
024 _a39,933
037 _cTextual
040 _aFLL
_cFLL
_beng
041 _2eng
_aeng
082 _aY1:45:5(Z), Q2
100 _aShapiro Scott J.
_9694918
245 0 _aLegality
250 _a1st Indian Reprint
260 _aNew Delhi
_bUniversal Law Publishing Co.PVT. Ltd. India
_c2012
300 _a472p
_ccm.
942 _hY1:45:5(Z), Q2
_cTEXL
_2CC
999 _c1159743
_d1159743